| 000 | 00000nam 2200000zi 4500 |
| 001 | 9.907034 |
| 003 | CaOODSP |
| 005 | 20230608085853 |
| 006 | m o d f |
| 007 | cr ||||||||||| |
| 008 | 220118t20222022onc ob f000 0 eng d |
| 020 | |a9780660416816 |
| 040 | |aCaOODSP|beng|erda|cCaOODSP |
| 043 | |an-cn--- |
| 086 | 1 |aH144-97/2022E-PDF |
| 245 | 00|aTraffic-related air pollution : |ban umbrella review-based human health risk assessment on selected cancer types. |
| 264 | 1|a[Ottawa] : |bHealth Canada = Santé Canada, |c2022. |
| 264 | 4|c©2022 |
| 300 | |a1 online resource (x, 96 pages) |
| 336 | |atext|btxt|2rdacontent |
| 337 | |acomputer|bc|2rdamedia |
| 338 | |aonline resource|bcr|2rdacarrier |
| 500 | |aCover title. |
| 500 | |a"Publication date: March 2022." |
| 500 | |aThe copy has been replaced on June 8th, 2023 as requested by the issuing department. |
| 500 | |aIssued also in French under title: Pollution atmosphérique liée à la circulation automobile : évaluation des risques pour la santé humaine selon une revue globale axée sur certains types de cancer. |
| 504 | |aIncludes bibliographical references (pages 67-70). |
| 520 | |a"The objective of this risk assessment is to evaluate the association of cancer with traffic-related air pollution (TRAP) exposure in order to inform and support programs and policies designed to mitigate exposure to, and health impacts of TRAP in Canada"--Executive summary, page 1. |
| 650 | 0|aAir|xPollution|xHealth aspects|zCanada. |
| 650 | 0|aAutomobiles|xMotors|xExhaust gas|xHealth aspects|zCanada. |
| 650 | 0|aCarcinogenesis. |
| 710 | 1 |aCanada. |bHealth Canada, |eissuing body. |
| 775 | 08|tPollution atmosphérique liée à la circulation automobile : |w(CaOODSP)9.907037 |
| 856 | 40|qPDF|s1.72 MB|uhttps://publications.gc.ca/collections/collection_2022/sc-hc/H144-97-2022-eng.pdf |
| 986 | |a210603 |